000 00780nam a22002537a 4500
001 7854
003 FISKH
005 20250812094830.0
008 250812b cb ||||| |||| 00| 0 eng d
040 _aFISKH
_beng
_cFISKH
_dFISKH
050 _aPZ7.K15745 W
082 _a428.1
100 _aKatz, Karen
245 _aWhere is baby's Belly button /
_cA lift-the-flap book by Karen Katz
260 _aNew York :
_bSimon Says Kids,
_c2000.
300 _a12 unnumbered pages :
_bcolor illustrations ;
_c19 cm
505 _aC
520 _a"Where are baby's hands? Under the bubbles...where are baby's eyes? under her hat!".
521 8 _a100
_bLexile estimate
521 8 _aC
_bRaz-Plus
650 _aPicture Book
_vBoard Book
942 _2ddc
_cBK
_n0
999 _c7854
_d7854